[Event "GER-chT U10"]
[Site "Magdeburg"]
[Date "2016.12.29"]
[Round "7.1"]
[White "Gauer, Liam"]
[Black "Przibylla, Thomas"]
[Result "1-0"]
[WhiteElo "785"]
[BlackElo "998"]
[PlyCount "61"]
[EventDate "2016.12.27"]
[EventType "team-swiss"]
[EventRounds "7"]
[EventCountry "GER"]
[SourceTitle "EXT 2018"]
[Source "ChessBase"]
[SourceDate "2017.10.13"]
[SourceVersion "1"]
[SourceVersionDate "2017.10.13"]
[SourceQuality "1"]
[WhiteTeam "Hagen II"]
[BlackTeam "Langenfeld"]
[WhiteTeamCountry "GER"]
[BlackTeamCountry "GER"]

1. d4 d5 2. Bf4 Nc6 3. Nc3 Bf5 4. Nb5 Rc8 5. e3 Nf6 6. Nf3 Nb4 7. Bd3 Nxd3+ 8. cxd3 a6 9. Nc3 e6 10. e4 dxe4 11. dxe4 Nxe4 12. Nxe4 Bxe4 13. Ng5 Bb4+ 14. Kf1 f6 15. Nxe4 Bd6 16. Bxd6 cxd6 17. Qh5+ g6 18. Qd1 Rc6 19. Rc1 Rxc1 20. Qxc1 0-0 21. g3 Rf7 22. Kg2 Rc7 23. Qf4 f5 24. Nxd6 b5 25. Ne8 Rd7 26. Nf6+ Qxf6 27. Qb8+ Rd8 28. Qb6 Qxd4 29. Qxe6+ Kf8 30. Re1 Re8 31. Qxe8+ 1-0

[Event "GER-chT U10"]
[Site "Magdeburg"]
[Date "2016.12.27"]
[Round "2.1"]
[White "Tran, Minh Hieu"]
[Black "Przibylla, Thomas"]
[Result "1-0"]
[WhiteElo "1170"]
[BlackElo "998"]
[PlyCount "69"]
[EventDate "2016.12.27"]
[EventType "team-swiss"]
[EventRounds "7"]
[EventCountry "GER"]
[SourceTitle "EXT 2018"]
[Source "ChessBase"]
[SourceDate "2017.10.13"]
[SourceVersion "1"]
[SourceVersionDate "2017.10.13"]
[SourceQuality "1"]
[WhiteTeam "Hettstedt"]
[BlackTeam "Langenfeld"]
[WhiteTeamCountry "GER"]
[BlackTeamCountry "GER"]

1. e4 e5 2. Bc4 Nc6 3. Nf3 d6 4. d3 Bg4 5. c3 d5 6. Bxd5 Nf6 7. Bc4 Na5 8. Qa4+ Nc6 9. Qd1 Nh5 10. h3 Bxf3 11. Qxf3 Nf6 12. b4 a6 13. 0-0 b5 14. Bb3 a5 15. bxa5 Bc5 16. Bd5 Nxd5 17. exd5 Ne7 18. Qg3 0-0 19. Qxe5 Qxd5 20. Qxd5 Nxd5 21. Re1 Bd6 22. Bd2 Rae8 23. Rxe8 Rxe8 24. c4 Nb4 25. Bxb4 Bxb4 26. cxb5 Bd6 27. Nd2 Bb4 28. Nc4 Rb8 29. b6 Kf8 30. Rb1 Bc5 31. Kf1 Ke7 32. a4 Bd4 33. Rb5 Kd7 34. Rd5+ Kc6 35. Rxd4 1-0